| 000 | 01016nam a22002417a 4500 | ||
|---|---|---|---|
| 003 | PE SENCICO BE | ||
| 005 | 20251020182645.0 | ||
| 008 | 231031b |||||||| |||| 00| 0 eng d | ||
| 040 |
_aPE SENCICO BE _cPE SENCICO BE |
||
| 041 | _aspa | ||
| 084 |
_aI _aCOM _a2014 _bC19 |
||
| 100 | 1 |
_91744 _aChang Poquioma, Fritz _eautor |
|
| 245 | 1 |
_aInnovación en la administración y mantenimiento de software y hardware de centros de computo / _bFrtiz Chang Poquioma |
|
| 260 |
_aLima : _c2014 |
||
| 300 |
_a45 h. : _bil. col. ; _c30 cm. |
||
| 502 | _aMonografía de Titulación.-- Servicio Nacional de Capacitación para la Industria de la Construcción. Escuela Superior Técnica. Carrera Profesional Técnica en Computación e Informática, 2014. | ||
| 650 | 1 | 0 |
_91745 _aSoftware |
| 650 | 2 | 0 |
_9663 _aDesarrollo de software |
| 650 | 2 | 0 |
_91552 _aComputadoras |
| 710 | 1 |
_aServicio Nacional de Capacitación para la Industria de la Construcción. _bEscuela Superior Técnica _91065 |
|
| 910 |
_bhfp _chfp |
||
| 942 | _cMON | ||
| 999 |
_c4412 _d4412 |
||